Datum a čas kvízu

22.5 Celkem bodů Celkový počet nahraných bodů na tomto kvízu bez doplňovacích otázek.
5. Pořadí na kvízu Konečné umístění týmu na tomto kvízu.

Zaznamenané odpovědi

# Otázka Odpověď Body Výsledky
1. Minulý týden zaplnily internet... A 1
2. Běloruský vůdce Alexandr Lukaš... B 1
3. Minulý týden proběhlo internet... Bílý balet 0
4. Nobelovu cenu za fyziku letos... C) teleportace 1
5. Minulý týden hostila pražská O... San Jose Sharks, Nashville Predators 0
6. Podívejme se nejprve na velblo... C 0
7. Přiřaďte správné výrazy k jeji... 1A 2D 3B 4C 0
8. České slovo velbloud ukazuje,... C 0
9. Ve kterém filmu se objevuje uč... Čtyři vraždy stačí, drahoušku 0
10. Velblouda má ve znaku město Pl... husitům (sirotkům) 0